JavaScript : (Record no. 7946)
[ view plain ]
| 000 -LEADER | |
|---|---|
| fixed length control field | 00723nac a22002291u 4500 |
| 010 ## - LIBRARY OF CONGRESS CONTROL NUMBER | |
| LC control number | 2002279900 |
| 020 ## - INTERNATIONAL STANDARD BOOK NUMBER | |
| International Standard Book Number | 0596000480 |
| 082 00 - DEWEY DECIMAL CLASSIFICATION NUMBER | |
| Classification number | 005.2762 |
| Item number | FLA |
| 090 ## - LOCALLY ASSIGNED LC-TYPE CALL NUMBER (OCLC); LOCAL CALL NUMBER (OCLC) | |
| -- | 7946 |
| -- | 7946 |
| 100 ## - MAIN ENTRY--PERSONAL NAME | |
| Personal name | Flanagan, David. |
| 245 10 - TITLE STATEMENT | |
| Title | JavaScript : |
| Remainder of title | the definitive guide / |
| Statement of responsibility, etc | David Flanagan. |
| 250 ## - EDITION STATEMENT | |
| Edition statement | 5th ed. |
| 260 ## - PUBLICATION, DISTRIBUTION, ETC. (IMPRINT) | |
| Place of publication, distribution, etc | Sebastopol, CA : |
| Name of publisher, distributor, etc | O'Reilly,2007 |
| Date of publication, distribution, etc | 2007 |
| 300 ## - PHYSICAL DESCRIPTION | |
| Extent | xvii,994 p. : |
| Other physical details | ill. ; |
| Dimensions | 24 cm. |
| 500 ## - GENERAL NOTE | |
| General note | Includes index. |
| 500 ## - GENERAL NOTE | |
| General note | distributer: Baccah |
| 511 ## - PARTICIPANT OR PERFORMER NOTE | |
| Participant or performer note | catalogued by: wessam |
| 650 #0 - SUBJECT ADDED ENTRY--TOPICAL TERM | |
| Topical term or geographic name as entry element | JavaScript (Computer program language) |
| 650 #0 - SUBJECT ADDED ENTRY--TOPICAL TERM | |
| Topical term or geographic name as entry element | Web servers. |
| 650 #0 - SUBJECT ADDED ENTRY--TOPICAL TERM | |
| Topical term or geographic name as entry element | Object-oriented programming (Computer science) |
| 942 ## - ADDED ENTRY ELEMENTS (KOHA) | |
| Item type | NB - Book (Non borrowing) |
| Call number prefix | 005.2762FLA |
| Withdrawn status | Item status | Damaged status | Not for loan | Home library | Current library | Shelving location | Date acquired | Source of acquisition | Total Checkouts | Full call number | Barcode | Date last seen | Koha item type | Date last borrowed | Total Renewals |
|---|---|---|---|---|---|---|---|---|---|---|---|---|---|---|---|
| Central Library | Central Library | Lower Floor | 08/02/2014 | Purchase | 005.2762FLA | 000009575 | 15/07/2025 | NB - Book (Non borrowing) | |||||||
| Central Library | Central Library | Lower Floor | 08/02/2014 | Purchase | 3 | 005.2762FLA | 000009573 | 15/07/2025 | Book - Borrowing | 08/11/2009 | |||||
| Central Library | Central Library | Lower Floor | 08/02/2014 | Purchase | 8 | 005.2762FLA | 000009574 | 15/07/2025 | Book - Borrowing | 09/06/2019 | 5 |